000 00635nam a2200253Ia 4500
005 20260306152742.0
008 008 260114s9999 xx 000 0 eng d
020 _a9789390559497
037 _aEBOOK
040 _aCRL
040 _beng
040 _cCRL
041 _2eng
041 _aeng
084 _qCRL
100 _aRam Bahadur Mandal, VNP Sinha
_91124220
245 0 _aRecent Trends and Concepts in Geography Vol-3
260 _bConcept Pub.
260 _c2016
856 _uhttps://www.asapglobe.com/searchtitles.aspx?query=9789390559497
942 _cEBOOK
999 _c1701398
_d1701398